| 000 | 00584nam a22001817a 4500 | ||
|---|---|---|---|
| 008 | 151201b xxu||||| |||| 00| 0 eng d | ||
| 020 | _a9781133940722 | ||
| 082 |
_aDC 301 _bB77e |
||
| 100 |
_9820 _aBrinkerhoff, David B. |
||
| 245 |
_aEssentials of Sociology/ _cDavid B. Brinkerhoff |
||
| 250 | _a9th Edition | ||
| 260 |
_bWadsworth, Cengage Learning, _cc2014. |
||
| 300 |
_axxx, 430 Pages: _bColored Illustration _c25.5 cm |
||
| 500 | _aIncludes Glossary, References, Name Index,& Subject Index | ||
| 700 |
_9824 _aWeitz, Rose |
||
| 700 |
_9825 _aOrtega, Suzanne T. |
||
| 942 |
_2ddc _cDC |
||
| 999 |
_c343 _d343 |
||